| 000 | 00999nam a2200241Ia 4500 | ||
|---|---|---|---|
| 999 |
_c5264 _d5264 |
||
| 003 | OSt | ||
| 005 | 20200506141108.0 | ||
| 008 | 191128s2000 ag gr 000 0 spa d | ||
| 020 | _a9872172501 | ||
| 040 |
_aCO-JMCR _cCO-JMCR |
||
| 041 | 0 | _aspa | |
| 082 | 0 | 4 |
_a327.1 / _bF668p _223 |
| 100 | 1 |
_aFollieti, Gilda, _eeditora _94014 |
|
| 245 | 1 | 0 |
_aParlamento y defensa en América Latina : _bel papel de las comisiones, Argentina, Brasil, Chile y Uruguay / _cGilda Follietti y Luis Tibiletti editores |
| 250 | _a1a ed. | ||
| 260 |
_aBuenos Aires : _bResdal, _c2000 |
||
| 300 |
_a153 páginas ; _c23 cm. |
||
| 505 | 0 | _aLos parlamentos y la dimensión institucional de las políticas de defensa -- Las facultades constitucionales del parlamento en defensa -- El parlamento y la defensa en la Argentina -- Parlamento e defensa: o caso Brasileiro | |
| 650 | 1 | 4 |
_aRelaciones internacionales _93476 |
| 650 | 1 | 4 |
_aSeguridad nacional _94015 |
| 700 | 1 |
_aTibiletti, Luis, _eeditor _94016 |
|
| 942 |
_2ddc _cBK |
||